The magnificent vision: (Record no. 17511)

000 -LEADER
fixed length control field 00892nam a2200229 a 4500
001 - CONTROL NUMBER
control field :::00021489$&:&@@
003 - CONTROL NUMBER IDENTIFIER
control field OkBaRHE
005 - DATE AND TIME OF LATEST TRANSACTION
control field 20100402130855.0
008 - FIXED-LENGTH DATA ELEMENTS--GENERAL INFORMATION
fixed length control field s1991 j 000 0 eng u
040 ## - CATALOGING SOURCE
Transcribing agency
100 1# - MAIN ENTRY--PERSONAL NAME
Personal name Ogilvie, Lloyd John
245 14 - TITLE STATEMENT
Title The magnificent vision:
Remainder of title seeing yourself through the eyes of Christ
250 ## - EDITION STATEMENT
Edition statement Rev. ed.
260 ## - PUBLICATION, DISTRIBUTION, ETC. (IMPRINT)
Place of publication, distribution, etc Ann Arbor, MI
Name of publisher, distributor, etc Servant Publications
Date of publication, distribution, etc 1991
300 ## - PHYSICAL DESCRIPTION
Extent 164 p.
520 ## - SUMMARY, ETC.
Summary, etc This books takes a closer look at what it means to surrender to Christ so that we can grow in the fruit of the Holy Spirit and in greater intimacy with him.
650 ## - SUBJECT ADDED ENTRY--TOPICAL TERM
Topical term or geographic name as entry element Christian life
General subdivision Presbyterian authors.
650 ## - SUBJECT ADDED ENTRY--TOPICAL TERM
Topical term or geographic name as entry element Fruit of the Spirit.
650 ## - SUBJECT ADDED ENTRY--TOPICAL TERM
Topical term or geographic name as entry element Jesus Christ
General subdivision Person and offices.
942 ## - ADDED ENTRY ELEMENTS (KOHA)
Source of classification or shelving scheme
Koha item type Books
Copies
Damaged status Full call number Date last seen Not for loan Permanent Location Shelving location Barcode Koha item type Copy number Lost status Date acquired Source of classification or shelving scheme Withdrawn status Price effective from
 BV 4501.2 .O334 19912010-04-14 RHEMA Bible Training CollegeGeneral Stacks21489Books1 2010-04-14  2010-04-14